000
00366nam a22001217a 4500
040
_c
SK
082
_a
531
100
_a
FAO
245
_a
ផែនការសកម្មភាពជាតិសំរាប់់ឧត្តមសិក្សាកសិកម្ម
260
_a
ក្រសួងកសិកម្ម
_b
FAO
_c
1998
300
_a
371p.
942
_c
KB
999
_c
9962
_d
9962